[Event "Sants Op 2002"]
[Site "?"]
[Date "2002.??.??"]
[Round "?"]
[White "Jerez Perez, Alfonso"]
[Black "Moskalenko, Viktor"]
[Result "1-0"]
[WhiteElo "2379"]
[BlackElo "2513"]
[PlyCount "67"]

1. d4 d5 2. c4 e6 3. Nc3 c6 4. Nf3 dxc4 5. e3 b5 6. a4 Bb4 7. Bd2 a5 8. axb5
Bxc3 9. Bxc3 cxb5 10. b3 Bb7 11. bxc4 b4 12. Bb2 Nf6 13. Bd3 Nbd7 14. O-O O-O
15. Qc2 Qc7 16. Ne5 Nxe5 17. dxe5 Ng4 18. Bxh7+ Kh8 19. Be4 Bxe4 20. Qxe4 f5
21. Qc2 Nxe5 22. c5 Nc6 23. f4 Kg8 24. Rf3 Rad8 25. Qf2 a4 26. Qh4 a3 27. Bxg7
Qxg7 28. Rg3 Rd7 29. Qh6 Re8 30. Qh5 Rf8 31. Qh6 Re8 32. Qh5 Kf8 33. Rxg7 Rxg7
34. Rd1 {ilegible} 1-0

[Event "Sants Op 2002"]
[Site "?"]
[Date "2002.??.??"]
[Round "?"]
[White "Campos Moreno, Javier"]
[Black "Baches Garcia, Guillermo"]
[Result "1-0"]
[WhiteElo "2493"]
[BlackElo "2368"]
[PlyCount "57"]

1. d4 e6 2. c4 f5 3. g3 Nf6 4. Bg2 d5 5. Nd2 Bd6 6. Nh3 O-O 7. Qc2 c6 8. Nf3
Nh5 9. Nf4 Qe8 10. Nd3 Bd7 11. b4 Qe7 12. Rb1 Be8 13. Bg5 Nf6 14. O-O h6 15.
Bf4 Bxf4 16. Nxf4 g5 17. Nd3 Nbd7 18. b5 Bh5 19. bxc6 bxc6 20. Nfe5 Nxe5 21.
Nxe5 Rfc8 22. Rfc1 Be8 23. cxd5 cxd5 24. Qxc8 Rxc8 25. Rxc8 Qa3 26. e3 Qxa2 27.
Rb7 Qa6 28. Rcb8 f4 29. Ng4 1-0

[Event "Sants Op 2002"]
[Site "?"]
[Date "2002.??.??"]
[Round "?"]
[White "Beltran Rueda, Santiago"]
[Black "Berzinsh, Roland"]
[Result "1-0"]
[WhiteElo "2364"]
[BlackElo "2463"]
[PlyCount "71"]

1. c4 Nf6 2. Nf3 b6 3. g3 c5 4. Bg2 Bb7 5. Nc3 e6 6. O-O a6 7. d4 cxd4 8. Qxd4
d6 9. Bg5 Be7 10. Rfd1 Nbd7 11. e4 Qc7 12. Bxf6 Nxf6 13. e5 dxe5 14. Qxe5 Rc8
15. Qxc7 Rxc7 16. Ne5 Bxg2 17. Kxg2 O-O 18. Rd3 Rfc8 19. Rad1 Ne8 20. Rd7 f6
21. Nc6 Bf8 22. Nd8 e5 23. Ne6 Rxc4 24. Ra7 Bd6 25. Nd5 Rb8 26. Nxg7 Nc7 27.
Nh5 Kf7 28. Nhxf6 Kg6 29. Nd7 Re8 30. N7xb6 Rc6 31. b3 Nb5 32. Rd7 Bc5 33. Nc4
Nd4 34. Re1 Nc2 35. Nxe5+ Kf5 36. g4+ 1-0

[Event "Sants Op 2002"]
[Site "?"]
[Date "2002.??.??"]
[Round "?"]
[White "Arribas, Maritza"]
[Black "Melado Trivino, Juan"]
[Result "1/2-1/2"]
[WhiteElo "2325"]
[BlackElo "2447"]
[PlyCount "44"]

1. e4 c5 2. Nf3 g6 3. c3 Bg7 4. d4 cxd4 5. cxd4 d5 6. exd5 Nf6 7. Bb5+ Nbd7 8.
d6 O-O 9. dxe7 Qxe7+ 10. Be2 Re8 11. Nc3 Ne4 12. Nxe4 Qxe4 13. Be3 Nb6 14. Bd3
Qd5 15. O-O Bg4 16. Be2 Nc4 17. Bxc4 Qxc4 18. Ne5 Bxd1 19. Nxc4 Be2 20. Rfc1
Rad8 21. Rc2 Bd3 22. Rc3 Be2 1/2-1/2

[Event "Sants Op 2002"]
[Site "?"]
[Date "2002.??.??"]
[Round "?"]
[White "Dominguez Gonzalez, Isaac"]
[Black "Velicka, Petr"]
[Result "0-1"]
[WhiteElo "2232"]
[BlackElo "2416"]
[PlyCount "76"]

1. e4 Nf6 2. e5 Nd5 3. d4 d6 4. Nf3 Bg4 5. Be2 e6 6. O-O Be7 7. c4 Nb6 8. Nc3
O-O 9. Be3 a6 10. b3 Nc6 11. exd6 cxd6 12. d5 exd5 13. Nxd5 Nxd5 14. Qxd5 Be6
15. Qd2 d5 16. c5 Rc8 17. Rac1 Qd7 18. Rfd1 Rfd8 19. Nd4 Bg4 20. f3 Bh5 21.
Nxc6 Rxc6 22. b4 Qc8 23. Bd4 Bg6 24. Qb2 Bg5 25. Ra1 Re6 26. Bf1 Qc7 27. a4 h5
28. b5 h4 29. Ra3 Bf4 30. h3 Qe7 31. Qc3 Bb8 32. Bf2 Qc7 33. Bxh4 Qh2+ 34. Kf2
Rde8 35. Rxd5 Bf4 36. Qd4 Kh7 37. Rg5 Re1 38. Bg3 R8e2+ 0-1

[Event "Sants Op 2002"]
[Site "?"]
[Date "2002.??.??"]
[Round "?"]
[White "Marchador Villalba, Jordi"]
[Black "Rios, Alejandro"]
[Result "0-1"]
[WhiteElo "2207"]
[BlackElo "2416"]
[PlyCount "54"]

1. d4 Nf6 2. Bg5 c5 3. Bxf6 gxf6 4. d5 f5 5. e3 Qb6 6. Qc1 Na6 7. Nd2 Nc7 8. c4
Bg7 9. Rb1 e6 10. Ngf3 exd5 11. Bd3 d6 12. O-O Be6 13. Nh4 O-O-O 14. Nxf5 Bf6
15. b4 cxb4 16. cxd5 Bxd5 17. Nc4 Qc6 18. Qb2 Bxb2 19. Ne7+ Kd7 20. Nxc6 bxc6
21. Rxb2 Bxc4 22. Bxc4 d5 23. Be2 a5 24. Rc1 Ne6 25. Bg4 Ra8 26. e4 dxe4 27.
Rd2+ 27... Kc7 {ilegible} 0-1

[Event "Sants Op 2002"]
[Site "?"]
[Date "2002.??.??"]
[Round "?"]
[White "Gonzalez Rodriguez, Jorge"]
[Black "Monedero Gonzalez, Josep"]
[Result "1-0"]
[WhiteElo "2391"]
[BlackElo "2167"]
[PlyCount "65"]

1. b3 Nf6 2. Bb2 e6 3. c4 d5 4. e3 Be7 5. Nf3 O-O 6. Be2 c5 7. O-O Nc6 8. cxd5
Nxd5 9. Qc1 Bf6 10. Nc3 b6 11. Ne4 Bxb2 12. Qxb2 Bb7 13. a3 Qe7 14. Rfc1 Rad8
15. d3 f5 16. Ned2 Rf6 17. Nc4 Rh6 18. Nce5 Nxe5 19. Qxe5 Nf6 20. Ne1 Qd6 21.
Qxd6 Rxd6 22. b4 Nd7 23. Rab1 Bd5 24. bxc5 bxc5 25. f3 Rb6 26. e4 Ba2 27. Ra1
Rb2 28. Rc2 Rxc2 29. Nxc2 Bb3 30. Ne3 fxe4 31. dxe4 Rf6 32. Bb5 Nb8 33. Rb1 1-0

[Event "Sants Op 2002"]
[Site "?"]
[Date "2002.??.??"]
[Round "?"]
[White "Alfonso Nogue, Beatriz"]
[Black "Munoz Pantoja, Miguel"]
[Result "0-1"]
[WhiteElo "2201"]
[BlackElo "2405"]
[PlyCount "50"]

1. d4 c5 2. d5 Nf6 3. c4 b5 4. Nf3 Bb7 5. Bf4 d6 6. Qc2 g6 7. e4 b4 8. Bd3 Bg7
9. O-O O-O 10. h3 a5 11. e5 dxe5 12. Nxe5 e6 13. dxe6 fxe6 14. Rd1 Qc8 15. Nd2
Nh5 16. Bh2 Nf4 17. Bxf4 Rxf4 18. Ndf3 Nc6 19. Qe2 Qc7 20. Ng4 Raf8 21. Qxe6+
Kh8 22. Be2 Nd4 23. Nxd4 Bxd4 24. Bd3 Rxf2 25. Nxf2 Rxf2 0-1

[Event "Sants Op 2002"]
[Site "?"]
[Date "2002.??.??"]
[Round "?"]
[White "Iglesias, Jorge"]
[Black "Montell Zabay, Albert"]
[Result "1-0"]
[WhiteElo "2377"]
[BlackElo "2156"]
[PlyCount "81"]

1. e4 d6 2. d4 Nf6 3. Nc3 g6 4. f4 Bg7 5. Nf3 O-O 6. Bd3 c5 7. dxc5 dxc5 8. e5
Nd5 9. Nxd5 Qxd5 10. Qe2 Bf5 11. Bxf5 gxf5 12. O-O Rd8 13. Be3 Na6 14. Rad1 Qc6
15. Bf2 Nc7 16. Bh4 Nd5 17. g3 b5 18. Rd2 Rd7 19. Rfd1 e6 20. Qf2 c4 21. Nd4
Qb7 22. Qf3 Nb4 23. Qxb7 Rxb7 24. a3 Nd5 25. c3 Bf8 26. Nxf5 Nxc3 27. bxc3 exf5
28. Rd8 Rbb8 29. R8d7 Bxa3 30. Rc7 Rc8 31. Rb7 Rab8 32. Rbd7 Bc5+ 33. Kg2 b4
34. cxb4 Bxb4 35. Bf6 Bc3 36. Rxa7 Rb2+ 37. Kh3 Rd2 38. Rc1 Rd3 39. Rb1 Bd4 40.
Rc7 Ra8 41. Rbb7 1-0

[Event "Sants Op 2002"]
[Site "?"]
[Date "2002.??.??"]
[Round "?"]
[White "Pinazo Donoso, Jorge"]
[Black "Estremera Panos, Sergio"]
[Result "1/2-1/2"]
[WhiteElo "2196"]
[BlackElo "2368"]
[PlyCount "66"]

1. d4 Nf6 2. c4 e6 3. Nc3 Bb4 4. Qc2 O-O 5. a3 Bxc3+ 6. Qxc3 b6 7. Nf3 c5 8.
Bg5 Bb7 9. dxc5 bxc5 10. g3 Nc6 11. Bg2 Nd4 12. Kf1 h6 13. Bxf6 Qxf6 14. Nxd4
cxd4 15. Qd3 d5 16. cxd5 Rad8 17. Bf3 Bxd5 18. Kg2 Bxf3+ 19. Qxf3 Qg6 20. Qd3
f5 21. f4 e5 22. fxe5 Qc6+ 23. Qf3 Qe6 24. Rhf1 Rd5 25. Rad1 Rxe5 26. Rxd4
Rxe2+ 27. Rf2 Rxf2+ 28. Qxf2 Rc8 29. Rd2 Rc1 30. Qf3 Re1 31. Qd5 Re2+ 32. Kg1
Re1+ 33. Kg2 Re2+ 1/2-1/2

[Event "Sants Op 2002"]
[Site "?"]
[Date "2002.??.??"]
[Round "?"]
[White "Boix Moreno, Daniel"]
[Black "Hernando Rodrigo, Julio"]
[Result "1-0"]
[WhiteElo "2165"]
[BlackElo "2310"]
[PlyCount "52"]

1. e4 d5 2. exd5 Qxd5 3. Nc3 Qa5 4. d4 Nf6 5. Nf3 Bg4 6. h3 Bxf3 7. Qxf3 c6 8.
Bd3 e6 9. O-O Nbd7 10. Bf4 Be7 11. a3 Qb6 12. Be3 Nd5 13. Nxd5 cxd5 14. c4 dxc4
15. d5 Qb5 16. a4 Qa6 17. Be2 Ne5 18. Qe4 Bf6 19. Bc5 Rd8 20. dxe6 fxe6 21.
Rac1 Kf7 22. b3 Qc6 23. Qe3 Nd3 24. Rxc4 Nxc5 25. Rxc5 Qd6 26. Rc2 26... Rhf8 {
ilegible} 1-0

[Event "Sants Op 2002"]
[Site "?"]
[Date "2002.??.??"]
[Round "?"]
[White "Campos Moreno, Javier"]
[Black "Jerez Perez, Alfonso"]
[Result "1/2-1/2"]
[WhiteElo "2493"]
[BlackElo "2379"]
[PlyCount "44"]

1. d4 Nf6 2. c4 g6 3. Nc3 d5 4. cxd5 Nxd5 5. e4 Nxc3 6. bxc3 Bg7 7. Bc4 c5 8.
Ne2 O-O 9. O-O Nc6 10. Be3 Bg4 11. f3 Na5 12. Bxf7+ Rxf7 13. fxg4 Rxf1+ 14.
Kxf1 cxd4 15. cxd4 e5 16. Kg1 Rc8 17. d5 Nc4 18. Bf2 Bh6 19. Qd3 Qd7 20. h3 b5
21. Ng3 a5 22. Nf1 b4 1/2-1/2

[Event "Sants Op 2002"]
[Site "?"]
[Date "2002.??.??"]
[Round "?"]
[White "Lalic, Bogdan"]
[Black "Beltran Rueda, Santiago"]
[Result "1-0"]
[WhiteElo "2540"]
[BlackElo "2364"]
[PlyCount "160"]

1. d4 Nf6 2. c4 e6 3. Nf3 b6 4. g3 Ba6 5. Qa4 Be7 6. Nc3 O-O 7. Bg2 Bb7 8. Qc2
Bb4 9. O-O Bxc3 10. Qxc3 d6 11. b3 Nbd7 12. Bb2 Qc8 13. Rad1 Be4 14. d5 e5 15.
Bh3 Qd8 16. Nh4 h6 17. f3 Bh7 18. e4 Nc5 19. Rde1 Kh8 20. Nf5 Ng8 21. f4 f6 22.
Qc2 a5 23. Nh4 Qe8 24. f5 Ne7 25. Rd1 Bg8 26. Qe2 Bf7 27. Bg4 Kh7 28. Ng2 Rh8
29. Bf3 Kg8 30. Rf2 Kf8 31. Ne3 Ng8 32. Bc3 Qb8 33. Rb1 Ne7 34. a3 Kg8 35. h4
Qe8 36. Rg2 h5 37. b4 Nb7 38. Qb2 Nc8 39. Kh2 Kf8 40. Bd1 Qd7 41. Bb3 Be8 42.
Qc2 Ra7 43. Bb2 Ne7 44. Nd1 Ng8 45. Bc1 Nh6 46. Bxh6 Rxh6 47. Nc3 a4 48. Ba2
Qe7 49. Rb2 Ra8 50. Bb1 Rh8 51. Qd1 Bd7 52. Bd3 Qe8 53. Rbc2 Ke7 54. Nb5 Kd8
55. Rc3 g6 56. fxg6 Qxg6 57. Bc2 Bg4 58. Qg1 Bd7 59. Qf1 Bg4 60. Rf2 Rf8 61.
Re3 Bd7 62. Bd1 Kc8 63. Nc3 Kd8 64. Nb5 Kc8 65. Bf3 Nd8 66. Bg2 Kb7 67. c5 dxc5
68. bxc5 Bxb5 69. Qxb5 Ra5 70. c6+ Kb8 71. Qb4 Qg7 72. Rb2 Ka7 73. Rc3 Rg8 74.
d6 Ne6 75. Rf2 Nd4 76. dxc7 Rc8 77. Bh3 Rxc7 78. Bd7 Qg6 79. Rc4 Rb5 80. Qd6
Kb8 1-0

[Event "Sants Op 2002"]
[Site "?"]
[Date "2002.??.??"]
[Round "?"]
[White "Narciso Dublan, Marc"]
[Black "Arribas, Maritza"]
[Result "1-0"]
[WhiteElo "2460"]
[BlackElo "2325"]
[PlyCount "137"]

1. d4 Nf6 2. c4 d6 3. Nc3 c6 4. Nf3 Bg4 5. d5 e6 6. e4 Be7 7. Be2 O-O 8. dxe6
Bxe6 9. Nd4 d5 10. exd5 cxd5 11. Bf3 Bb4 12. O-O Bxc3 13. bxc3 Nc6 14. Nxe6
fxe6 15. cxd5 exd5 16. Bg5 Ne5 17. Be2 Qd7 18. Qb3 Ne4 19. Rad1 Kh8 20. Be3 Qc6
21. Rxd5 Nxc3 22. Rxe5 Nxe2+ 23. Kh1 Nf4 24. Rg5 Rae8 25. Rg4 Ng6 26. h3 b6 27.
Rc1 Qb7 28. Rgc4 Re7 29. Qc3 Qd5 30. a4 Ref7 31. Qb4 h6 32. Qb5 Qe6 33. Qc6
Qxc6 34. Rxc6 Ne5 35. Rc8 Nd3 36. Rxf8+ Rxf8 37. Rc7 Nxf2+ 38. Kg1 Ne4 39. Rxa7
Rb8 40. Bd4 Nf6 41. Kf2 Kg8 42. Ke2 Kf8 43. Kd3 Ne8 44. g4 Kg8 45. Kc4 b5+ 46.
axb5 Nd6+ 47. Kc5 Nxb5 48. Rxg7+ Kf8 49. Rh7 Nxd4 50. Rh8+ Kg7 51. Rxb8 Ne6+
52. Kd6 Nf4 53. Rb3 Ng6 54. Ke6 Nh4 55. Ke5 Ng6+ 56. Kf5 Nh4+ 57. Kf4 Ng6+ 58.
Kg3 Ne5 59. h4 Kf6 60. Rb6+ Kg7 61. Kf4 Ng6+ 62. Kg3 Ne5 63. h5 Nf7 64. Kf4 Nh8
65. Kf5 Nf7 66. Rb7 Kg8 67. Kf6 Nd6 68. Rg7+ Kh8 69. Kg6 1-0

[Event "Sants Op 2002"]
[Site "?"]
[Date "2002.??.??"]
[Round "?"]
[White "Alonso Moyano, Jonathan"]
[Black "Velicka, Petr"]
[Result "1/2-1/2"]
[WhiteElo "2297"]
[BlackElo "2435"]
[PlyCount "95"]

1. e4 c6 2. d3 d5 3. Nd2 e5 4. Ngf3 Bd6 5. d4 exd4 6. Nxd4 Qe7 7. Qe2 Nf6 8.
exd5 Nxd5 9. Qxe7+ Bxe7 10. Bc4 O-O 11. O-O Bf6 12. N2f3 Rd8 13. Bg5 Bxg5 14.
Nxg5 h6 15. Ngf3 Nb6 16. Be2 Bg4 17. h3 Bxf3 18. Nxf3 N8d7 19. a4 a5 20. Rfd1
Nc5 21. b3 Kf8 22. Rxd8+ Rxd8 23. Rd1 Rxd1+ 24. Bxd1 Ke7 25. Kf1 Kd6 26. Be2
Ncd7 27. Ke1 Kd5 28. Kd2 Ne5 29. Ke3 Nxf3 30. Bxf3+ Ke5 31. g3 Nc8 32. Bg2 Ne7
33. Be4 b6 34. f4+ Kd6 35. Kd4 Ng8 36. c3 Nf6 37. Bf3 Nd7 38. b4 Nf8 39. h4
Ne6+ 40. Ke4 Nc7 41. Bg2 Ne8 42. Bf3 Kc7 43. Kd4 Nd6 44. g4 f6 45. h5 Nb7 46.
Ke4 Nd6+ 47. Kd4 Nb7 48. Ke4 1/2-1/2

[Event "Sants Op 2002"]
[Site "?"]
[Date "2002.??.??"]
[Round "?"]
[White "Breivik, Lars"]
[Black "Iglesias, Jorge"]
[Result "0-1"]
[WhiteElo "2095"]
[BlackElo "2377"]
[PlyCount "90"]

1. e4 c5 2. Nc3 d6 3. g3 g6 4. Bg2 Bg7 5. d3 Nc6 6. Be3 Rb8 7. Qd2 b5 8. Nge2
b4 9. Nd1 Nd4 10. c3 bxc3 11. bxc3 Nxe2 12. Qxe2 Qa5 13. Qd2 Ba6 14. O-O Nf6
15. h3 O-O 16. Re1 Nd7 17. f4 Rb6 18. d4 cxd4 19. Bxd4 Nc5 20. Bxg7 Kxg7 21.
Qd4+ f6 22. Ne3 e5 23. Qd5 Qxc3 24. Rac1 Qd4 25. Qxd4 exd4 26. Nc4 Bxc4 27.
Rxc4 d3 28. Rd4 Re8 29. Bf1 d2 30. Rxd2 Rxe4 31. Red1 Re3 32. Kf2 Ra3 33. Bg2
f5 34. Re2 h6 35. Bd5 g5 36. fxg5 hxg5 37. Kg2 Kf6 38. Rdd2 Rb4 39. Bf3 Rd3 40.
Rc2 Ra4 41. Red2 Raa3 42. Rxd3 Nxd3 43. Rd2 Ne1+ 44. Kf2 Nxf3 45. Rxd6+ Ke5 0-1

[Event "Sants Op 2002"]
[Site "?"]
[Date "2002.??.??"]
[Round "?"]
[White "Munoz Pantoja, Miguel"]
[Black "Boix Moreno, Daniel"]
[Result "1/2-1/2"]
[WhiteElo "2405"]
[BlackElo "2165"]
[PlyCount "40"]

1. e4 c5 2. g3 d5 3. exd5 Qxd5 4. Nf3 Nc6 5. Bg2 Qe6+ 6. Kf1 g6 7. d3 Bg7 8.
Nc3 Nf6 9. Be3 Nd5 10. Nxd5 Qxd5 11. Nd4 Bh3 12. Qf3 Bxg2+ 13. Kxg2 Qxf3+ 14.
Nxf3 b6 15. c3 O-O 16. Rhd1 Rfd8 17. Rd2 Rd7 18. Rad1 Rad8 19. d4 cxd4 20. Bxd4
Nxd4 1/2-1/2

[Event "Sants Op 2002"]
[Site "?"]
[Date "2002.??.??"]
[Round "?"]
[White "Bor, Willem"]
[Black "Gonzalez Rodriguez, Jorge"]
[Result "1-0"]
[WhiteElo "2274"]
[BlackElo "2391"]
[PlyCount "111"]

1. e4 e5 2. f4 exf4 3. Be2 Ne7 4. Nf3 Ng6 5. Nc3 c6 6. d4 d5 7. O-O dxe4 8.
Nxe4 Be7 9. Bd3 Bg4 10. c3 O-O 11. Nf2 Be6 12. Qc2 c5 13. Bd2 Nc6 14. dxc5 Bxc5
15. Rae1 Bd5 16. b4 Bb6 17. Kh1 Rc8 18. c4 Bxf3 19. gxf3 Be3 20. Bc3 a5 21. Rd1
Qc7 22. Qb2 f5 23. bxa5 Nce5 24. Be2 Rfe8 25. Qb5 Re7 26. Rd5 Rce8 27. Bb4 Re6
28. Nd3 Nc6 29. Bc3 Nge7 30. Re5 Rg6 31. Nb4 Rf8 32. Nd5 Qd8 33. Nxe7+ Nxe7 34.
Qxb7 Nc6 35. Re6 Bd4 36. Qxc6 Bxc3 37. a6 Bd4 38. Rd1 Rxe6 39. Qxe6+ Kh8 40.
Qd5 Qxd5 41. cxd5 Be3 42. d6 g5 43. d7 Rd8 44. Bb5 Kg7 45. Rd6 Kf7 46. Rh6 g4
47. Rxh7+ Kf6 48. Kg2 Rg8 49. Rh6+ Ke7 50. Rc6 Rd8 51. Rc8 Bb6 52. a4 Ba7 53.
h4 gxh3+ 54. Kxh3 Bf2 55. Kg2 Bd4 56. Kf1 1-0

[Event "Sants Op 2002"]
[Site "?"]
[Date "2002.??.??"]
[Round "?"]
[White "Moskalenko, Viktor"]
[Black "Poulsen, Martin"]
[Result "0-1"]
[WhiteElo "2513"]
[BlackElo "2160"]
[PlyCount "72"]

1. d4 d5 2. c4 c6 3. Nf3 Nf6 4. Nc3 dxc4 5. a4 Bf5 6. Nh4 e6 7. Nxf5 exf5 8. e3
Bd6 9. Bxc4 O-O 10. h3 Nbd7 11. g4 fxg4 12. hxg4 Qa5 13. Bd2 Bb4 14. f4 Rfe8
15. Qf3 Rad8 16. g5 Nd5 17. Kf2 Bxc3 18. bxc3 Nxc3 19. Rxh7 Ne4+ 20. Kg1 Qf5
21. Rh2 Nxd2 22. Qh5 Kf8 23. Rxd2 Rxe3 24. Qh8+ Ke7 25. Qh4 Nf8 26. Re1 Rxe1+
27. Qxe1+ Ne6 28. Bxe6 fxe6 29. Qe3 Rh8 30. Kg2 Qb1 31. Qg1 Qe4+ 32. Kg3 Rh1
33. Qf2 Qh7 34. Qg2 Qh4+ 35. Kf3 Rh3+ 36. Ke4 Qe1+ 0-1

[Event "Sants Op 2002"]
[Site "?"]
[Date "2002.??.??"]
[Round "?"]
[White "Berzinsh, Roland"]
[Black "Wiese, Hans-Joachim"]
[Result "1-0"]
[WhiteElo "2463"]
[BlackElo "2152"]
[PlyCount "61"]

1. e4 g6 2. d4 Bg7 3. Nc3 c6 4. h3 b5 5. e5 d6 6. f4 d5 7. Nf3 b4 8. Na4 h5 9.
Nc5 e6 10. a3 bxa3 11. b3 Nh6 12. Bd3 Nd7 13. Nxe6 fxe6 14. Bxg6+ Kf8 15. Ng5
Kg8 16. Qxh5 Qf8 17. O-O Qe7 18. Bxa3 c5 19. Qf3 Nf8 20. Bxc5 Nxg6 21. Bxe7
Nxe7 22. Qc3 Bf8 23. Qc7 Nhf5 24. Rxa7 Rxa7 25. Qxa7 Ng3 26. Rf3 Ne4 27. Qc7
Rh6 28. Qd8 Rg6 29. h4 Nd2 30. Rg3 Ne4 31. Nxe4 1-0

[Event "Sants Op 2002"]
[Site "?"]
[Date "2002.??.??"]
[Round "?"]
[White "Mellado Trivino, Juan"]
[Black "Cantero Martin, Antonio"]
[Result "1-0"]
[WhiteElo "2447"]
[BlackElo "2140"]
[PlyCount "66"]

1. e4 c5 2. c3 Nf6 3. e5 Nd5 4. d4 e6 5. Nf3 cxd4 6. cxd4 d6 7. a3 Nc6 8. Bd3
Qa5+ 9. Bd2 Qb6 10. Nc3 Nxc3 11. Bxc3 dxe5 12. dxe5 Bd7 13. Qe2 Ne7 14. O-O Nd5
15. Bd2 Be7 16. Qe4 Bb5 17. Bxb5+ Qxb5 18. Qg4 g6 19. Bh6 Rc8 20. Nd4 Qb6 21.
Rac1 Kd7 22. Rcd1 Rc4 23. Be3 Qxb2 24. Qf3 Rf8 25. Rb1 Qxa3 26. Rxb7+ Kc8 27.
Rfb1 Bb4 28. Nb5 Qa2 29. Nd6+ Kd8 30. Rd1 Bxd6 31. exd6 Rc3 32. Rxf7 Rxf7 33.
Qxf7 Rxe3 1-0

[Event "Sants Op 2002"]
[Site "?"]
[Date "2002.??.??"]
[Round "?"]
[White "Estremera Panos, Sergio"]
[Black "Garcia Jimenez, Francisco"]
[Result "1-0"]
[WhiteElo "2368"]
[BlackElo "2135"]
[PlyCount "41"]

1. d4 d5 2. c4 e6 3. Nf3 f5 4. Nc3 Nf6 5. Bf4 c6 6. e3 Be7 7. Bd3 O-O 8. Qc2
Ne4 9. g4 fxg4 10. Ne5 Nf6 11. Rg1 Nbd7 12. O-O-O Qe8 13. h3 Nxe5 14. Bxe5 dxc4
15. Bxc4 gxh3 16. Rg3 Qh5 17. Rh1 h2 18. Be2 Qe8 19. Rxh2 g6 20. Bd3 Rf7 21.
Bxg6 1-0

[Event "Sants Op 2002"]
[Site "?"]
[Date "2002.??.??"]
[Round "?"]
[White "Jerez Perez, Alfonso"]
[Black "Lalic, Bogdan"]
[Result "1/2-1/2"]
[WhiteElo "2379"]
[BlackElo "2540"]
[PlyCount "20"]

1. d4 d5 2. c4 dxc4 3. Nf3 e6 4. e3 c5 5. Bxc4 a6 6. O-O Nf6 7. b3 cxd4 8. Nxd4
Bd7 9. Bb2 Nc6 10. Nd2 Bc5 1/2-1/2

[Event "Sants Op 2002"]
[Site "?"]
[Date "2002.??.??"]
[Round "?"]
[White "Narciso Dublan, Marc"]
[Black "Bor, Willem"]
[Result "1-0"]
[WhiteElo "2447"]
[BlackElo "2274"]
[PlyCount "51"]

1. d4 f5 2. c4 Nf6 3. Nc3 g6 4. h4 d6 5. h5 Nxh5 6. Rxh5 gxh5 7. e4 fxe4 8.
Qxh5+ Kd7 9. Be3 Qe8 10. Qh4 c6 11. Nxe4 Kc7 12. Ne2 Bf5 13. N4g3 Bd3 14. Nf4
Bxf1 15. Ne6+ Kc8 16. Kxf1 Nd7 17. d5 c5 18. Re1 Qf7 19. Bf4 Nf6 20. Qh3 Kb8
21. Nf5 Qh5 22. Nxf8 Rxf8 23. Rxe7 Qxh3 24. gxh3 Nxd5 25. Bxd6+ Kc8 26. Re5 1-0

[Event "Sants Op 2002"]
[Site "?"]
[Date "2002.??.??"]
[Round "?"]
[White "Deleyn, Gunter"]
[Black "Berzinsh, Roland"]
[Result "0-1"]
[WhiteElo "2279"]
[BlackElo "2463"]
[PlyCount "46"]

1. c4 e6 2. b3 d5 3. Nf3 Nf6 4. g3 c5 5. Bg2 Nc6 6. O-O Be7 7. cxd5 exd5 8. d4
Ne4 9. Bb2 Bf6 10. h3 O-O 11. e3 Re8 12. a3 b5 13. Nc3 Nxc3 14. Bxc3 Bf5 15. g4
Be4 16. g5 cxd4 17. Nxd4 Bxd4 18. Bxd4 Nxd4 19. Qxd4 Bxg2 20. Kxg2 Re4 21. Qc5
Qxg5+ 22. Kh2 Qf5 23. f4 Rc8 0-1

[Event "Sants Op 2002"]
[Site "?"]
[Date "2002.??.??"]
[Round "?"]
[White "Arias Boo, Guillermo"]
[Black "Mellado Trivino, Juan"]
[Result "0-1"]
[WhiteElo "2246"]
[BlackElo "2447"]
[PlyCount "55"]

1. e4 e5 2. Nf3 Nf6 3. d3 Nc6 4. c3 d5 5. Nbd2 a5 6. Be2 dxe4 7. dxe4 Bc5 8.
O-O O-O 9. Qc2 Qe7 10. Nc4 h6 11. Be3 Be6 12. Bxc5 Qxc5 13. Ne3 a4 14. Rfd1 b5
15. Ne1 Rfd8 16. Bf3 Rd6 17. Rxd6 cxd6 18. Nd3 Qb6 19. Qd2 Rd8 20. Nd5 Bxd5 21.
exd5 Ne7 22. Nb4 Rc8 23. Re1 a3 24. b3 Qc5 25. Rd1 Qxc3 26. Be2 Qxd2 27. Rxd2
Rc5 28. Nc2 0-1

[Event "Sants Op 2002"]
[Site "?"]
[Date "2002.??.??"]
[Round "?"]
[White "Velicka, Petr"]
[Black "Thompson, IanD"]
[Result "1/2-1/2"]
[WhiteElo "2435"]
[BlackElo "2238"]
[PlyCount "44"]

1. e4 e6 2. d4 d5 3. Nd2 Nf6 4. e5 Nfd7 5. Bd3 c5 6. c3 Nc6 7. Ne2 cxd4 8. cxd4
f6 9. exf6 Qxf6 10. Nf3 h6 11. Bb1 Bd6 12. Qd3 O-O 13. Ng3 Bb4+ 14. Kf1 Rd8 15.
Qh7+ Kf8 16. Nh5 Qf7 17. Nxg7 Nf6 18. Nxe6+ Bxe6 19. Qxh6+ Ke7 20. Ng5 Qg8 21.
a3 Bd6 22. Bh7 Qf8 1/2-1/2

[Event "Sants Op 2002"]
[Site "?"]
[Date "2002.??.??"]
[Round "?"]
[White "Barrios, Felix"]
[Black "Munoz Pantoja, Miguel"]
[Result "0-1"]
[WhiteElo "2222"]
[BlackElo "2405"]
[PlyCount "90"]

1. d4 c5 2. d5 Nf6 3. c4 b5 4. cxb5 a6 5. bxa6 Bxa6 6. g3 d6 7. Bg2 g6 8. Bd2
Bg7 9. Bc3 O-O 10. Nh3 Nbd7 11. Nf4 Nb6 12. h4 h5 13. O-O Qd7 14. b3 Ra7 15. a4
Rfa8 16. Re1 Bh6 17. e4 Bb7 18. Nd2 Qd8 19. a5 Nbd7 20. Nc4 Ng4 21. Nd3 Ba6 22.
f4 Rb8 23. Bf3 Rab7 24. Ra3 Ndf6 25. e5 dxe5 26. Ndxe5 Nxe5 27. Nxe5 Qc8 28.
Kg2 Bb5 29. Nc6 Bxc6 30. dxc6 Ra7 31. Re5 e6 32. Rxc5 Bf8 33. Qd4 Bg7 34. Qc4
Nd5 35. Bxd5 exd5 36. Rxd5 Rc7 37. Rc5 Bf8 38. Be5 Rb4 39. Qxb4 Bxc5 40. Qxc5
Rxc6 41. Qe3 Rc2+ 42. Kf3 Qg4+ 43. Ke4 Qf5+ 44. Kf3 Qd7 45. Ke4 f5+ 0-1

[Event "Sants Op 2002"]
[Site "?"]
[Date "2002.??.??"]
[Round "?"]
[White "Escuder Vilaltella, Jordi"]
[Black "Estremera Panos, Sergi"]
[Result "1/2-1/2"]
[WhiteElo "2203"]
[BlackElo "2368"]
[PlyCount "60"]

1. e4 c5 2. Nf3 Nc6 3. d4 cxd4 4. Nxd4 Nf6 5. Nc3 d6 6. Bg5 e6 7. Qd2 Be7 8.
O-O-O Qb6 9. Nb3 O-O 10. f3 a6 11. Be3 Qc7 12. g4 b5 13. g5 Nd7 14. Qf2 Rb8 15.
h4 Nb6 16. Kb1 Na4 17. Ne2 Ne5 18. Bc1 Nc4 19. f4 Bb7 20. Bg2 Rbc8 21. Ng3 d5
22. Rd3 dxe4 23. Bxe4 Rfd8 24. Bxb7 Qxb7 25. Rhd1 Rxd3 26. Rxd3 e5 27. fxe5
Nxe5 28. Rd1 Nc4 29. Rf1 Bf8 30. h5 Re8 1/2-1/2

[Event "Sants Op 2002"]
[Site "?"]
[Date "2002.??.??"]
[Round "?"]
[White "Boix Moreno, Daniel"]
[Black "Baches Garcia, Guillermo"]
[Result "1/2-1/2"]
[WhiteElo "2165"]
[BlackElo "2368"]
[PlyCount "38"]

1. e4 c5 2. Nf3 e6 3. d4 cxd4 4. Nxd4 a6 5. Nc3 Qc7 6. Bd3 Nc6 7. Be3 Nf6 8.
O-O b5 9. f4 b4 10. Na4 Nxd4 11. Bxd4 Bb7 12. Qe2 Qc6 13. e5 Nd5 14. b3 g6 15.
Be4 Be7 16. Kh1 O-O 17. Nb6 Rae8 18. Nxd5 exd5 19. Bd3 f5 1/2-1/2

[Event "Sant Op 2002"]
[Site "?"]
[Date "2002.??.??"]
[Round "?"]
[White "Beltran Rueda, Santiago"]
[Black "Daude Povill, Antonio"]
[Result "1/2-1/2"]
[WhiteElo "2364"]
[BlackElo "2172"]
[PlyCount "42"]

1. c4 f5 2. g3 Nf6 3. Bg2 g6 4. Nc3 Bg7 5. e3 O-O 6. Nge2 c6 7. O-O e5 8. d3 d6
9. f4 Qc7 10. Rb1 Be6 11. b3 Nbd7 12. Qd2 Rfe8 13. Bb2 Bf7 14. h3 exf4 15. Nxf4
Qb6 16. Rbe1 Bh6 17. d4 g5 18. Nd3 Bg6 19. Kh2 Rad8 20. b4 Qc7 21. b5 Nb6
1/2-1/2

[Event "Sants Op 2002"]
[Site "?"]
[Date "2002.??.??"]
[Round "?"]
[White "Poulsen, Martin"]
[Black "Alonso Moyano, Jonathan"]
[Result "1/2-1/2"]
[WhiteElo "2160"]
[BlackElo "2297"]
[PlyCount "76"]

1. e4 c5 2. Nc3 e6 3. Bc4 Ne7 4. d3 d5 5. Bb5+ Bd7 6. Bxd7+ Qxd7 7. Bf4 d4 8.
Nb1 Nbc6 9. Ne2 e5 10. Bg3 g6 11. Nd2 Bg7 12. a4 b6 13. Nc4 O-O 14. Nc1 f5 15.
f3 f4 16. Bf2 Nc8 17. Nb3 Qe7 18. Ke2 Rb8 19. Nbd2 a6 20. b3 Qe6 21. Kf1 Rb7
22. Ke2 Nb4 23. Be1 g5 24. h3 h5 25. Nf1 Nc6 26. Qb1 b5 27. axb5 axb5 28. Na5
Rb6 29. Nxc6 Qxc6 30. Qa2 Nd6 31. Nd2 Rc8 32. Bf2 c4 33. bxc4 bxc4 34. Rhb1 Nb5
35. Rxb5 Rxb5 36. Nxc4 Kh7 37. Be1 g4 38. hxg4 hxg4 1/2-1/2